Jakiego pochodzenia są piłkarze? 2 - Statystyki

Ogólne statystyki
  • Ten quiz został rozwiązany 81 razy
  • Średni wynik to 11 z 24
Statystyki odpowiedzi
Piłkarze Kraj % Poprawnych
Laurent Koscielny Polska
84%
Diego Godin Francja
64%
Zlatan Ibrahimovic Bośnia i Hercegowina
62%
Kamil Glik Niemcy
62%
Alfredo di Stefano Argentyna
58%
Romelu Lukaku Demokratyczna Republika Konga
58%
Nabil Fekir Algieria
57%
Erik Lamela Hiszpania
57%
Samuel Umtiti Kamerun
56%
Oleg Salenko Ukraina
56%
Deco Brazylia
55%
Ilkay Gundogan Turcja
53%
Sergino Dest Holandia
45%
Adnan Januzaj Kosowo
40%
Dele Alli Nigeria
39%
Dejan Kulusevski Macedonia Północna
36%
Mario Balotelli Ghana
35%
Kyle Walker Jamajka
29%
Miralem Pjanic Luksemburg
29%
Georginio Wijnaldum Surinam
27%
Anthony Martial Gwadelupa
19%
Dayot Upamecano Gwinea Bissau
16%
DeAndre Yedlin Lotwa
16%
Nelson Semedo Republika Zielonego Przylądka
10%
Nie znaleziono quizów pasujących do podanych kryteriów
Rozkład punktacji
Procent ludzi z każdym wynikiem
Percentyl według liczby udzielonych odpowiedzi
Twoja historia wyników
Nie rozwiązałeś tego quizu